[Event "Sao Paulo Pascoa op"]
[Site "Sao Paulo"]
[Date "2024.03.29"]
[Round "1"]
[White "Bookobza, Tomer Lederman"]
[Black "Ferreira Neto, Leonildo Lopes"]
[Result "1-0"]
[WhiteElo "1730"]
[BlackElo "1800"]
[PlyCount "75"]
[EventDate "2024.03.29"]
[EventType "swiss"]
[EventRounds "6"]
[EventCountry "BRA"]
[SourceTitle "CB14_2024"]
[SourceDate "2024.04.01"]
[SourceVersion "1"]
[SourceVersionDate "2024.04.01"]
[SourceQuality "1"]

1. Nf3 d6 2. c4 c5 3. g3 Nc6 4. Bg2 Bd7 5. Nc3 e6 6. a3 Nf6 7. 0-0 Be7 8. Rb1 Rb8 9. b4 cxb4 10. axb4 Ne5 11. Nxe5 dxe5 12. b5 a6 13. Qb3 Qa5 14. bxa6 Qxa6 15. Bb2 0-0 16. Ra1 Qd6 17. Ba3 Qxd2 18. Bxe7 Rfe8 19. Bxf6 gxf6 20. Rfd1 Qg5 21. Rxd7 f5 22. Rxb7 Rbd8 23. Rd1 Rd2 24. Rb8 Red8 25. Rxd2 Qxd2 26. Rxd8+ Qxd8 27. Qc2 e4 28. Bf1 Qg5 29. e3 h5 30. Ne2 e5 31. c5 h4 32. c6 hxg3 33. hxg3 f4 34. c7 fxg3 35. c8Q+ Kg7 36. Nxg3 f6 37. Q2c7+ Kh6 38. Qh8+ 1-0